| Tag |
First Indicator |
Second Indicator |
Subfields |
| LEADER |
00000cam a2200000I 4500 |
| 001 |
in00002495310 |
| 005 |
20151110074902.0 |
| 008 |
820331s1897 enkacef 001 0 eng |
| 010 |
|
|
|a 17000986
|
| 029 |
1 |
|
|a AU@
|b 000027637273
|
| 035 |
|
|
|a (OCoLC)ocm08293136
|
| 035 |
|
|
|a (OCoLC)8293136
|
| 040 |
|
|
|a DLC
|c KSU
|d KSU
|d OCLCQ
|d TXA
|d UtOrBLW
|
| 043 |
|
|
|a e-uk-en
|
| 049 |
|
|
|a TXAM
|
| 050 |
0 |
0 |
|a SK291
|b .R5
|
| 090 |
|
|
|a SK291
|b .R53 1897
|
| 100 |
1 |
|
|a Ribblesdale, Thomas Lister,
|c 4th Baron,
|d 1854-1925.
|
| 245 |
1 |
4 |
|a The queen's hounds and stag-hunting recollections /
|c by Lord Ribblesdale with an introduction on the hereditary mastership, by Edward Burrows, compiled from the Brocas papers in his possession.
|
| 264 |
|
1 |
|a London ; New York :
|b Longmans, Green, and Co.,
|c 1897.
|
| 300 |
|
|
|a xvi, 315 pages including frontispiece :
|b illustrations plates, portraits, folded plan ;
|c 24 cm.
|
| 336 |
|
|
|a text
|b txt
|2 rdacontent
|
| 337 |
|
|
|a unmediated
|b n
|2 rdamedia
|
| 338 |
|
|
|a volume
|b nc
|2 rdacarrier
|
| 500 |
|
|
|a Includes index.
|
| 650 |
|
0 |
|a Hunting
|z England.
|
| 700 |
1 |
|
|a Burrows, Edward.
|
| 948 |
|
|
|a cataloged
|b h
|c 2009/3/4
|d c
|e ceaton
|f 10:50:58 am
|
| 994 |
|
|
|a C0
|b TXA
|
| 999 |
|
|
|a MARS
|
| 999 |
f |
f |
|s 6fb5e150-946a-3845-a80b-27a3170dd6a4
|i 477e9c59-c1aa-33fa-914b-c1103d4ed5f1
|t 0
|
| 952 |
f |
f |
|p noncirc
|a Texas A&M University
|b College Station
|c Cushing Memorial Library & Archives
|d Cushing: Rare Books (Does not check out)
|t 0
|e SK291 .R53 1897
|h Library of Congress classification
|i unmediated -- volume
|
| 998 |
f |
f |
|a SK291 .R53 1897
|t 0
|l Cushing: Rare Books (Does not check out)
|